| 000 | 00735nam a2200193 4500 | ||
|---|---|---|---|
| 008 | 171208b xxu||||| |||| 00| 0 eng d | ||
| 020 | _a0772519315 | ||
| 082 |
_21992 _aDC 428.407 _bR22 |
||
| 245 |
_aReaders' workshops : _bbridging literature and literacy : Stories from teachers and their classrooms / _cedited by Terry MacKenzie |
||
| 260 |
_aOntario : _bIrwin Pub., _c©1992 |
||
| 300 |
_avi, 186 pages : _billustrations ; _c23 cm. |
||
| 500 | _aIncludes bibliographical references. | ||
| 650 | 0 |
_924636 _aReading (Elementary) |
|
| 650 | 0 |
_924637 _a Reading (Secondary) |
|
| 650 | 0 |
_924640 _aLiterature _xStudy and teaching |
|
| 650 | 0 |
_924641 _aLiteracy programs |
|
| 700 |
_924643 _aMacKenzie, Terry, editor. |
||
| 942 |
_2ddc _cDC |
||
| 999 |
_c7998 _d7998 |
||